| 000 | 00457nam a2200181Ia 4500 | ||
|---|---|---|---|
| 001 | 24845 | ||
| 005 | 20260414151110.0 | ||
| 008 | 260414t2017||||xx |||||||||||||| ||spa|| | ||
| 041 | _aESP | ||
| 082 |
_a346.4 _bG67P |
||
| 100 |
_aGonzales Barrón, Gunther Hernán, _eAUT |
||
| 245 | 0 |
_aLa propiedad y sus instrumentos de defensa _b |
|
| 260 | _c2017 | ||
| 300 |
_a415 páginas : _c25 cm. |
||
| 650 | _aDER | ||
| 654 | _aCDE | ||
| 942 |
_cLIB _dJUS _fJUS _2ddc _n |
||
| 999 |
_c24845 _d24845 |
||